| 000 | 00541nam a2200217Ia 4500 | ||
|---|---|---|---|
| 003 | OSt | ||
| 005 | 20220928140719.0 | ||
| 006 | a|||||r|||| 00| 0 | ||
| 007 | ta | ||
| 008 | 220927b |||||||| |||| 00| 0 eng d | ||
| 024 | _a11312 | ||
| 037 | _cTextual | ||
| 040 |
_aSDCL _cSDCL _beng |
||
| 041 |
_2eng _aeng |
||
| 082 | _aR64x1,1, N0 | ||
| 100 |
_aClooney Francis X Au. _9497225 |
||
| 245 | 0 | _aThinking ritually. | |
| 260 | _c1990 | ||
| 942 |
_hR64x1,1, N0 _cTEXL _2CC |
||
| 999 |
_c813743 _d813743 |
||